000 00395nam a2200157Ia 4500
008 221030s9999 xx 000 0 und d
020 _a0070486840
041 _aEnglish
082 _a105.23
_bMal
100 _aE. G. Mallach
245 0 _aDecision Support & Data Warehouse Systems
_cby E. G. Mallach
260 _bTMH
_aNew Delhi
_c2002
300 _a664
650 _aBE Computer
942 _cBK
999 _c8175
_d8175